书目信息 |
| 题名: |
生物芯片技术与应用详解
|
|
| 作者: | 哈迪曼 , Hardiman 编 ;陈忠斌 , 王升启 主译 | |
| 分册: | ||
| 出版信息: | 北京 化学工业出版社 2006 |
|
| 页数: | 236页 | |
| 开本: | 24cm | |
| 丛书名: | 生物实验室系列 | |
| 单 册: | ||
| 中图分类: | Q78 | |
| 科图分类: | ||
| 主题词: | 生物--芯片--技术 | |
| 电子资源: | ||
| ISBN: | 7-5025-8919-8 | |
| 000 | 01165oam2 2200301 450 | |
| 001 | 012007516552 | |
| 005 | 20070525152622.53 | |
| 010 | @a7-5025-8919-8@dCNY38.00 | |
| 100 | @a20070517d2006 km y0chiy0120 ea | |
| 101 | 1 | @achi@ceng |
| 102 | @aCN@b110000 | |
| 105 | @aa z 000yy | |
| 106 | @ar | |
| 200 | 1 | @a生物芯片技术与应用详解@Asheng wu xin pian ji shu yu ying yong xiang jie@f(美)G. 哈德曼(Gary Hardiman)编@F(mei)G.ha de man(Gary Hardiman)bian@g陈忠斌,王升启主译@Gchen zhong bin,wang sheng qi zhu yi |
| 210 | @a北京@c化学工业出版社@d2006 | |
| 215 | @a236页@c图@d24cm | |
| 225 | 2 | @a生物实验室系列 |
| 330 | @a本书主要指导应用DNA和蛋白质生物芯片技术的实验室研究人员如何操作。书中包含大量生物芯片技术的技术细节和实践技巧,并重点提示了如何制备高质量的生物芯片。 | |
| 461 | 0 | @12001 @a生物实验室系列 |
| 510 | 1 | @aMicroarrays methods and applications@zeng |
| 606 | 0 | @a生物@x芯片@x技术 |
| 690 | @aQ78@v4 | |
| 701 | 1 | @c(美)@a哈迪曼@Aha di man@bG.@4编 |
| 701 | 1 | @c(美)@aHardiman@bGary@4编 |
| 702 | 0 | @a陈忠斌@Achen zhong bin@4主译 |
| 702 | 0 | @a王升启@Awang sheng qi@c(基因工程)@4主译 |
| 801 | 0 | @aCN@bRULIN@c20070525 |
| 905 | @dQ78@e114@s8 | |
| 生物芯片技术与应用详解/(美)G. 哈德曼(Gary Hardiman)编/陈忠斌,王升启主译.-北京:化学工业出版社,2006 |
| 236页:图;24cm.-(生物实验室系列) |
| ISBN 7-5025-8919-8:CNY38.00 |
| 本书主要指导应用DNA和蛋白质生物芯片技术的实验室研究人员如何操作。书中包含大量生物芯片技术的技术细节和实践技巧,并重点提示了如何制备高质量的生物芯片。 |
| ● |
| 相关链接 |
|
|
|
|
正题名:生物芯片技术与应用详解
索取号:Q78/114
 
预约/预借
| 序号 | 登录号 | 条形码 | 馆藏地/架位号 | 状态 | 备注 |
| 1 | 0580799 | 205807992 | 第二样本阅览室/ [索取号:Q78/114] | 在馆 | |
| 2 | 0580800 | 205808009 | 第三借阅区/ [索取号:Q78/114] | 在馆 | |
| 3 | 0580801 | 205808018 | 第三借阅区/ [索取号:Q78/114] | 在馆 | |
| 4 | 0580802 | 205808027 | 第三借阅区/ [索取号:Q78/114] | 在馆 | |
| 5 | 0580803 | 205808036 | 第三借阅区/ [索取号:Q78/114] | 在馆 | |
| 6 | 0580804 | 205808045 | 第三借阅区/ [索取号:Q78/114] | 在馆 | |
| 7 | 0580805 | 205808054 | 第三借阅区/ [索取号:Q78/114] | 在馆 | |
| 8 | 0580806 | 205808063 | 第三借阅区/ [索取号:Q78/114] | 在馆 |